Normal view
MARC view
Entry Personal Name
001 - CONTROL NUMBER
- control field: 37194
003 - CONTROL NUMBER IDENTIFIER
- control field: ARRUPE
005 - DATE AND TIME OF LATEST TRANSACTION
- control field: 20171018090536.0
008 - FIXED-LENGTH DATA ELEMENTS
- fixed length control field: 171018|| aca||aabn | a|a d
040 ## - CATALOGING SOURCE
- Original cataloging agency: ARRUPE
- Transcribing agency: ARRUPE
100 ## - HEADING--PERSONAL NAME
- Personal name: Maurer, Armand (Tr.)
670 ## - SOURCE DATA FOUND
- Source citation: Work cat.: (ARRUPE)36039: Aquinas, Thomas St 9346, On being and essence